[Event "Nordsjaellands Weekend EMT 2023"]
[Site "Allerod"]
[Date "2023.01.08"]
[Round "4"]
[White "Ramsdal, Jens Albert"]
[Black "Hoi, Carsten"]
[Result "0-1"]
[WhiteElo "2328"]
[BlackElo "2326"]
[PlyCount "52"]
[EventDate "2023.01.06"]
[EventType "swiss"]
[EventRounds "5"]
[EventCountry "DEN"]
[SourceTitle "Live"]

1. d4 d6 2. c4 Nf6 3. Nc3 g6 4. e4 Bg7 5. h3 O-O 6. Be3 Nbd7 7. g4 e5 8. d5 Nc5
9. f3 Ne8 10. b4 Na6 11. a3 Bh6 12. Bf2 f5 13. Bd3 c6 14. Qc2 Nac7 15. Nge2
fxe4 16. Bxe4 Nf6 17. Bh4 cxd5 18. cxd5 Nce8 19. Qd3 Qd7 20. g5 Nxe4 21. Nxe4
Bg7 22. Rc1 Qf7 23. Rc3 Bf5 24. Qc2 Qxd5 25. O-O Qf7 26. Qd2 Bxe4 0-1

[Event "Nordsjaellands Weekend EMT 2023"]
[Site "Allerod"]
[Date "2023.01.08"]
[Round "4"]
[White "Vinter Schou, Uffe"]
[Black "Hector, Jonny"]
[Result "0-1"]
[WhiteElo "2367"]
[BlackElo "2457"]
[PlyCount "70"]
[EventDate "2023.01.06"]
[EventType "swiss"]
[EventRounds "5"]
[EventCountry "DEN"]
[SourceTitle "Live"]

1. e4 e5 2. Nf3 Nc6 3. Nc3 Nf6 4. Bb5 Nd4 5. O-O c6 6. Bd3 Nxf3+ 7. Qxf3 d6 8.
h3 g5 9. Bc4 b5 10. Bb3 g4 11. hxg4 Bxg4 12. Qe3 Rg8 13. a4 b4 14. Nd1 Qd7 15.
f3 Bh3 16. Rf2 Nh5 17. Kh2 Nf4 18. g3 Bf1 19. g4 Bh3 20. d4 Bxg4 21. fxg4 Qxg4
22. Bxf7+ Kxf7 23. Rxf4+ exf4 24. Qxf4+ Qxf4+ 25. Bxf4 Rg4 26. Bg3 Rxe4 27. c3
Be7 28. Nf2 Re2 29. cxb4 Rxb2 30. Rf1 Ke6 31. Re1+ Kd7 32. d5 cxd5 33. b5 Rf8
34. Kg1 Rf3 35. Kg2 Rfxf2+ 0-1

[Event "Nordsjaellands Weekend EMT 2023"]
[Site "Allerod"]
[Date "2023.01.08"]
[Round "4"]
[White "Liu, Casper Yukun"]
[Black "Strange, Mikkel"]
[Result "1/2-1/2"]
[WhiteElo "2311"]
[BlackElo "2309"]
[PlyCount "150"]
[EventDate "2023.01.06"]
[EventType "swiss"]
[EventRounds "5"]
[EventCountry "DEN"]
[SourceTitle "Live"]

1. d4 f5 2. c4 Nf6 3. Nc3 e6 4. g3 d5 5. Bg2 c6 6. Nf3 Bd6 7. O-O O-O 8. Qc2
Qe7 9. Ne1 Kh8 10. b3 Bd7 11. Nd3 Be8 12. Kh1 Nbd7 13. f3 dxc4 14. bxc4 e5 15.
e3 Bf7 16. Ne2 Rae8 17. Rb1 Rb8 18. dxe5 Nxe5 19. Nxe5 Bxe5 20. f4 Bd6 21. Nd4
Bg6 22. Nxf5 Qe6 23. e4 Nxe4 24. Bxe4 Bxf5 25. Bxf5 Qxf5 26. Qxf5 Rxf5 27. Rd1
Bf8 28. Rd7 Kg8 29. Bb2 Rf7 30. Rxf7 Kxf7 31. Be5 Re8 32. Rxb7+ Re7 33. Rxe7+
Bxe7 34. Kg2 h5 35. Kf3 g6 36. h3 Ke6 37. Ke4 Bb4 38. g4 hxg4 39. hxg4 Be1 40.
f5+ gxf5+ 41. gxf5+ Ke7 42. Kd4 Bf2+ 43. Kc3 Be1+ 44. Kb3 a6 45. Bc3 Bf2 46.
Ka4 Bb6 47. Be5 Kf7 48. Kb4 Ke7 49. c5 Bd8 50. Bg3 Kf7 51. Be5 Ke7 52. Kc4 Ba5
53. Bc3 Bc7 54. Kd4 Bg3 55. Ke4 Kf7 56. Be5 Bf2 57. Bd4 Bg3 58. Kd3 Be1 59. Kc4
Ba5 60. Bc3 Bc7 61. Kb4 Ke7 62. Ka4 Kf7 63. Ba5 Bf4 64. Bd8 Bd2 65. Kb3 Be3 66.
Kc4 Bf2 67. f6 Bh4 68. Kb4 Be1+ 69. Ka4 Bc3 70. a3 Be1 71. Ba5 Bg3 72. Bc3 Bc7
73. Kb4 Ke6 74. Bd4 Bd8 75. Ka4 Bc7 1/2-1/2

[Event "Nordsjaellands Weekend EMT 2023"]
[Site "Allerod"]
[Date "2023.01.08"]
[Round "4"]
[White "Thuesen, Mogens Henrik"]
[Black "Hoiberg, Nina"]
[Result "1/2-1/2"]
[WhiteElo "2137"]
[BlackElo "2126"]
[PlyCount "106"]
[EventDate "2023.01.06"]
[EventType "swiss"]
[EventRounds "5"]
[EventCountry "DEN"]
[SourceTitle "Live"]

1. e4 e5 2. Nf3 Nc6 3. Bb5 d6 4. O-O Nf6 5. d4 exd4 6. Nxd4 Bd7 7. Nc3 Be7 8.
Re1 O-O 9. Bxc6 bxc6 10. Bf4 Rb8 11. Qd3 Nh5 12. Be3 c5 13. Nb3 Bg5 14. Rad1
Bg4 15. Rd2 Nf4 16. Qa6 Qf6 17. Nd5 Nxd5 18. Bxg5 Qxg5 19. Rxd5 Qg6 20. Rd3 Rb6
21. Qxa7 c4 22. Qxc7 cxd3 23. Qxb6 Bf3 24. g3 Qh5 25. Qe3 dxc2 26. Nd4 Bd1 27.
Qd2 Rc8 28. Nxc2 Bxc2 29. Qxd6 Qf3 30. Re3 Qd1+ 31. Qxd1 Bxd1 32. f4 h5 33. Rd3
Bc2 34. Rd4 Bb1 35. Rd2 Bxa2 36. Kf2 Bb1 37. Ke3 Rc2 38. Rxc2 Bxc2 39. b4 Kf8
40. Kd4 Ke7 41. Ke5 Bd3 42. Kd4 Ba6 43. h3 Kd6 44. e5+ Kc6 45. f5 Bc8 46. g4 h4
47. b5+ Kd7 48. Ke4 Bb7+ 49. Kf4 Bg2 50. Kg5 Bxh3 51. Kxh4 Bg2 52. Kg5 Ke7 53.
e6 fxe6 1/2-1/2

[Event "Nordsjaellands Weekend EMT 2023"]
[Site "Allerod"]
[Date "2023.01.08"]
[Round "4"]
[White "Kistrup, Nicolai"]
[Black "Ostergaard, Jens"]
[Result "1/2-1/2"]
[WhiteElo "2285"]
[BlackElo "2273"]
[PlyCount "60"]
[EventDate "2023.01.06"]
[EventType "swiss"]
[EventRounds "5"]
[EventCountry "DEN"]
[SourceTitle "Live"]

1. d4 Nf6 2. c4 e6 3. Nf3 c5 4. d5 exd5 5. cxd5 d6 6. e4 g6 7. Nfd2 Bg7 8. Be2
O-O 9. O-O Na6 10. Nc3 Nc7 11. a4 b6 12. Re1 Re8 13. Bf1 Nh5 14. Nc4 Ba6 15.
Bd2 Qd7 16. Rb1 Bxc4 17. Bxc4 a6 18. b4 b5 19. axb5 axb5 20. Be2 Nf6 21. bxc5
dxc5 22. Nxb5 Nxe4 23. Nxc7 Qxc7 24. Bb5 Nxd2 25. Rxe8+ Rxe8 26. Qxd2 Rd8 27.
Bc4 Be5 28. g3 Rb8 29. Rxb8+ Qxb8 30. Kg2 Qd6 1/2-1/2

[Event "Nordsjaellands Weekend EMT 2023"]
[Site "Allerod"]
[Date "2023.01.08"]
[Round "4"]
[White "Hansen, Soren Bech"]
[Black "Meskenas, Paulius"]
[Result "1-0"]
[WhiteElo "2260"]
[BlackElo "2115"]
[PlyCount "55"]
[EventDate "2023.01.06"]
[EventType "swiss"]
[EventRounds "5"]
[EventCountry "DEN"]
[SourceTitle "Live"]

1. e4 e5 2. Bc4 Nf6 3. d3 c6 4. Nf3 d5 5. Bb3 a5 6. a3 Bd6 7. Nc3 a4 8. Ba2 Be6
9. O-O Nbd7 10. Re1 h6 11. d4 Nxe4 12. Nxe4 dxe4 13. Bxe6 fxe6 14. dxe5 O-O 15.
Qxd6 exf3 16. Qxe6+ Kh8 17. Bxh6 Nc5 18. Qh3 gxh6 19. Qxh6+ Kg8 20. Qg6+ Kh8
21. Qh5+ Kg7 22. e6 Qd6 23. Qg5+ Kh7 24. Rad1 Qf4 25. Qxf4 Rxf4 26. e7 Re8 27.
Rd8 Rff8 28. exf8=N+ 1-0

[Event "Nordsjaellands Weekend EMT 2023"]
[Site "Allerod"]
[Date "2023.01.08"]
[Round "4"]
[White "Thorsbro, Peter"]
[Black "Hansen, Lars"]
[Result "1-0"]
[WhiteElo "2182"]
[BlackElo "2223"]
[PlyCount "103"]
[EventDate "2023.01.06"]
[EventType "swiss"]
[EventRounds "5"]
[EventCountry "DEN"]
[SourceTitle "Live"]

1. d4 Nf6 2. c4 e6 3. g3 c5 4. d5 exd5 5. cxd5 d6 6. Bg2 g6 7. Nf3 Bg7 8. O-O
O-O 9. Nc3 a6 10. a4 Nh5 11. Nd2 f5 12. Nc4 Qc7 13. Bf3 Nd7 14. Bxh5 gxh5 15.
Bf4 Ne5 16. Bxe5 dxe5 17. d6 Qf7 18. Nb6 Be6 19. Nxa8 Rxa8 20. h4 Rd8 21. Qd2
Kh8 22. Qe3 f4 23. Qf3 Bg4 24. Qe4 Rxd6 25. Rad1 Rd4 26. Rxd4 cxd4 27. Nb1 Be6
28. Rc1 Bf6 29. gxf4 Bd5 30. Qf5 Be6 31. Qe4 Bd5 32. Qd3 Qg7+ 33. Kf1 Qg2+ 34.
Ke1 Bc6 35. Qf5 Qg6 36. Qxg6 hxg6 37. fxe5 Bxe5 38. Nd2 Bxa4 39. Nf3 Bf6 40.
Rc8+ Kg7 41. Rc7+ Kg8 42. Rxb7 Bb5 43. b3 Kf8 44. Kd2 Ke8 45. e4 d3 46. Rb6 Kf7
47. Ng5+ Kg7 48. f4 Be7 49. Rb7 Kf8 50. Ne6+ Kf7 51. Nd4 Be8 52. Kxd3 1-0

[Event "Nordsjaellands Weekend EMT 2023"]
[Site "Allerod"]
[Date "2023.01.08"]
[Round "4"]
[White "Petersen, Peter Birk"]
[Black "Moe, Mogens"]
[Result "0-1"]
[WhiteElo "2145"]
[BlackElo "2171"]
[PlyCount "68"]
[EventDate "2023.01.06"]
[EventType "swiss"]
[EventRounds "5"]
[EventCountry "DEN"]
[SourceTitle "Live"]

1. e4 c5 2. Nf3 e6 3. d4 cxd4 4. Nxd4 a6 5. Nc3 Qc7 6. Bd3 Nf6 7. O-O Nc6 8.
Be3 b5 9. Nxc6 Qxc6 10. f3 Bc5 11. Qe2 d6 12. Kh1 O-O 13. e5 Nd5 14. Bxc5 dxc5
15. Qe4 g6 16. Qh4 Nxc3 17. bxc3 Qc7 18. Be4 Ra7 19. Qg3 Qe7 20. Rad1 Rd8 21.
h4 Rad7 22. Rxd7 Rxd7 23. h5 Kg7 24. Qf4 g5 25. h6+ Kh8 26. Qg3 f5 27. exf6
Qxf6 28. Qh2 e5 29. Qh5 Rd8 30. Kh2 Be6 31. a4 bxa4 32. Rb1 Bf7 33. Qh3 a3 34.
Rb6 Qxb6 0-1

[Event "Nordsjaellands Weekend EMT 2023"]
[Site "Allerod"]
[Date "2023.01.08"]
[Round "5"]
[White "Hoi, Carsten"]
[Black "Hector, Jonny"]
[Result "1/2-1/2"]
[WhiteElo "2326"]
[BlackElo "2457"]
[PlyCount "111"]
[EventDate "2023.01.06"]
[EventType "swiss"]
[EventRounds "5"]
[EventCountry "DEN"]
[SourceTitle "Live"]

1. Nf3 d5 2. e3 Nc6 3. d4 Bg4 4. Be2 Nf6 5. O-O e6 6. Nbd2 Be7 7. b3 O-O 8. Bb2
a5 9. a3 Nd7 10. c4 f5 11. Rc1 Bf6 12. h3 Bh5 13. Qc2 g6 14. cxd5 exd5 15. Bb5
Ndb8 16. Ne5 Na7 17. Bd3 c6 18. f4 Nc8 19. Ndf3 Bxf3 20. gxf3 Nd7 21. Kh2 Bg7
22. Rg1 Ne7 23. Rg2 Nxe5 24. dxe5 Qd7 25. Bd4 Rf7 26. Rgg1 Qe6 27. b4 axb4 28.
axb4 Rff8 29. Qb2 b5 30. Ra1 Kf7 31. Rxa8 Rxa8 32. Ra1 Rxa1 33. Qxa1 h6 34. h4
Bf8 35. Qa7 Kg8 36. Qa6 Qd7 37. Kh3 Kf7 38. Qa1 Nc8 39. Qb1 h5 40. Qe1 Be7 41.
Qc3 Bd8 42. Bc5 Nb6 43. Bc2 Qe6 44. Kg3 Nc4 45. Qa1 Qd7 46. Bd3 Be7 47. Qa8
Bxc5 48. bxc5 Nxe3 49. Bxb5 cxb5 50. c6 Qe7 51. Qh8 Qb4 52. Qf6+ Ke8 53. Qe6+
Kf8 54. Qf6+ Ke8 55. Qe6+ Kf8 56. Qf6+ 1/2-1/2

[Event "Nordsjaellands Weekend EMT 2023"]
[Site "Allerod"]
[Date "2023.01.08"]
[Round "5"]
[White "Liu, Casper Yukun"]
[Black "Ramsdal, Jens Albert"]
[Result "0-1"]
[WhiteElo "2311"]
[BlackElo "2328"]
[PlyCount "90"]
[EventDate "2023.01.06"]
[EventType "swiss"]
[EventRounds "5"]
[EventCountry "DEN"]
[SourceTitle "Live"]

1. d4 Nf6 2. c4 e6 3. g3 d5 4. Bg2 Bb4+ 5. Bd2 Be7 6. Nf3 O-O 7. O-O Nbd7 8. b4
Ne4 9. c5 Bf6 10. Nc3 a5 11. e3 Nxd2 12. Qxd2 axb4 13. Nb5 b3 14. a4 c6 15. Nd6
b6 16. Nxc8 bxc5 17. Nd6 Qc7 18. e4 cxd4 19. exd5 Qxd6 20. dxc6 Nb6 21. a5 Nc4
22. Qd3 Nxa5 23. Nd2 Qb4 24. Nxb3 Qxb3 25. Qxb3 Nxb3 26. Rxa8 Rxa8 27. Rb1 Be5
28. Rxb3 Ra1+ 29. Bf1 Rc1 30. Ra3 Kf8 31. Ra6 Ke7 32. Kg2 Bc7 33. Bd3 g6 34. g4
Rc3 35. Bb5 e5 36. Ra7 Kd6 37. Ra8 Kc5 38. Rc8 Bd6 39. Be2 d3 40. Bf3 d2 41.
Be2 e4 42. c7 Kd5 43. Rh8 Rxc7 44. Rxh7 Rc1 45. Rxf7 Re1 0-1

[Event "Nordsjaellands Weekend EMT 2023"]
[Site "Allerod"]
[Date "2023.01.08"]
[Round "5"]
[White "Strange, Mikkel"]
[Black "Hoiberg, Nina"]
[Result "1/2-1/2"]
[WhiteElo "2309"]
[BlackElo "2126"]
[PlyCount "62"]
[EventDate "2023.01.06"]
[EventType "swiss"]
[EventRounds "5"]
[EventCountry "DEN"]
[SourceTitle "Live"]

1. e4 d6 2. f4 Nf6 3. Nc3 Bg4 4. Be2 Bxe2 5. Qxe2 c6 6. d4 e6 7. Nf3 d5 8. exd5
Nxd5 9. f5 Nc7 10. O-O Be7 11. Bf4 Nba6 12. Rae1 O-O 13. Be5 Bf6 14. Bxf6 Qxf6
15. Ne4 Qh6 16. f6 gxf6 17. Nxf6+ Qxf6 18. Ne5 Qh4 19. Rf3 Nd5 20. Rg3+ Kh8 21.
Rg4 Qh6 22. Qf2 f6 23. Ng6+ hxg6 24. Rh4 Qxh4 25. Qxh4+ Kg7 26. Rxe6 Rae8 27.
Rxe8 Rxe8 28. c4 Ne3 29. Qe1 Re7 30. Qc3 Nf5 31. g4 Ne3 1/2-1/2

[Event "Nordsjaellands Weekend EMT 2023"]
[Site "Allerod"]
[Date "2023.01.08"]
[Round "5"]
[White "Thuesen, Mogens Henrik"]
[Black "Vinter Schou, Uffe"]
[Result "0-1"]
[WhiteElo "2137"]
[BlackElo "2367"]
[PlyCount "66"]
[EventDate "2023.01.06"]
[EventType "swiss"]
[EventRounds "5"]
[EventCountry "DEN"]
[SourceTitle "Live"]

1. d4 Nf6 2. c4 e6 3. Nc3 Bb4 4. e3 O-O 5. Nge2 d5 6. a3 Be7 7. Ng3 c5 8. cxd5
Nxd5 9. Bd3 cxd4 10. exd4 Nc6 11. Be4 Nf6 12. d5 exd5 13. Bxd5 Bg4 14. Bf3 Bxf3
15. Qxf3 Ne5 16. Qd1 Nd3+ 17. Ke2 Nxc1+ 18. Rxc1 Qb6 19. Qc2 Rfe8 20. Kf1 Rac8
21. Re1 Qa6+ 22. Kg1 Bxa3 23. Rxe8+ Rxe8 24. h3 Bd6 25. Nge2 Qa1+ 26. Nd1 Be5
27. Nc1 h5 28. g3 h4 29. Kg2 Qa5 30. Nc3 hxg3 31. fxg3 Bxc3 32. Qxc3 Qxc3 33.
bxc3 Re3 0-1

[Event "Nordsjaellands Weekend EMT 2023"]
[Site "Allerod"]
[Date "2023.01.08"]
[Round "5"]
[White "Thorsbro, Peter"]
[Black "Hansen, Soren Bech"]
[Result "0-1"]
[WhiteElo "2182"]
[BlackElo "2260"]
[PlyCount "42"]
[EventDate "2023.01.06"]
[EventType "swiss"]
[EventRounds "5"]
[EventCountry "DEN"]
[SourceTitle "Live"]

1. d4 Nf6 2. c4 e6 3. Nf3 b6 4. g3 Ba6 5. Qc2 Bb4+ 6. Bd2 Be7 7. Bg2 c6 8. O-O
O-O 9. Rd1 d5 10. Ne5 Nfd7 11. cxd5 cxd5 12. e4 Nxe5 13. dxe5 d4 14. Be3 Bc5
15. b4 d3 16. Qb2 Bxe3 17. fxe3 Qg5 18. Kf2 Nd7 19. b5 Nxe5 20. bxa6 Qf6+ 21.
Bf3 Ng4+ 0-1

[Event "Nordsjaellands Weekend EMT 2023"]
[Site "Allerod"]
[Date "2023.01.08"]
[Round "5"]
[White "Moe, Mogens"]
[Black "Kistrup, Nicolai"]
[Result "0-1"]
[WhiteElo "2171"]
[BlackElo "2285"]
[PlyCount "130"]
[EventDate "2023.01.06"]
[EventType "swiss"]
[EventRounds "5"]
[EventCountry "DEN"]
[SourceTitle "Live"]

1. e4 e5 2. Nf3 Nc6 3. d4 exd4 4. Nxd4 Nf6 5. Nxc6 bxc6 6. e5 Qe7 7. Qe2 Nd5 8.
c4 Ba6 9. b3 g6 10. g3 Bg7 11. Bb2 O-O-O 12. Bg2 Rhe8 13. O-O Bxe5 14. Qxe5
Qxe5 15. Bxe5 Rxe5 16. cxd5 Bxf1 17. Kxf1 cxd5 18. Nd2 Rde8 19. Bf3 a5 20. a3
c6 21. b4 Kc7 22. Nb3 axb4 23. axb4 Rb8 24. Nc5 Kd6 25. Nd3 Ree8 26. h4 Ra8 27.
Rxa8 Rxa8 28. g4 Ra2 29. Ke1 f6 30. Bg2 Kc7 31. h5 g5 32. h6 Ra8 33. Nc5 Rg8
34. Bf1 Rg6 35. Bd3 Rxh6 36. Bf5 d6 37. Nd7 Rh3 38. Nxf6 h6 39. Ke2 Rb3 40. Ng8
Rxb4 41. Nxh6 Rb2+ 42. Ke1 Rb8 43. Nf7 Rg8 44. f4 gxf4 45. g5 c5 46. Kf2 d4 47.
Kf3 c4 48. Kxf4 d3 49. Ke3 Kc6 50. Kd2 Kc5 51. g6 Kd4 52. Nxd6 c3+ 53. Ke1 Ke5
54. Bxd3 Kxd6 55. Ke2 Kd5 56. Ke3 Re8+ 57. Kf4 Kd4 58. Bf5 Rf8 59. Kg5 Ke5 60.
Bc2 Rf2 61. Bb3 c2 62. Bxc2 Rxc2 63. g7 Rg2+ 64. Kh6 Kf6 65. Kh7 Rxg7+ 0-1

[Event "Nordsjaellands Weekend EMT 2023"]
[Site "Allerod"]
[Date "2023.01.08"]
[Round "5"]
[White "Ostergaard, Jens"]
[Black "Petersen, Peter Birk"]
[Result "0-1"]
[WhiteElo "2273"]
[BlackElo "2145"]
[PlyCount "97"]
[EventDate "2023.01.06"]
[EventType "swiss"]
[EventRounds "5"]
[EventCountry "DEN"]
[SourceTitle "Live"]

1. d4 Nf6 2. Nf3 e6 3. c4 b6 4. g3 Bb4+ 5. Bd2 c5 6. Bxb4 cxb4 7. Bg2 Bb7 8.
O-O a5 9. a3 Na6 10. axb4 Nxb4 11. Nc3 O-O 12. b3 d6 13. Qb1 Qe7 14. e4 Nd7 15.
Re1 e5 16. Na4 Bc6 17. Bh3 Rab8 18. Qd1 Rfd8 19. Bxd7 Bxd7 20. Kg2 Qf6 21. d5
Qh6 22. Nh4 g6 23. Nc3 Rf8 24. Na2 Nxa2 25. Rxa2 f5 26. exf5 gxf5 27. f4 e4 28.
Qd4 Qg7 29. Qxg7+ Kxg7 30. Kf2 h5 31. Ke3 Rfc8 32. Kd4 Rc7 33. Ng2 Kf6 34. b4
axb4 35. Rb1 b5 36. Rxb4 Rxc4+ 37. Rxc4 bxc4 38. Ne3 Rb3 39. Rd2 Rd3+ 40. Rxd3
cxd3 41. Kc3 Ba4 42. Nc4 Ke7 43. Ne3 Bd7 44. Kd4 Kd8 45. Kc3 Kc7 46. Nc4 Bb5
47. Ne3 Bd7 48. Nc4 Bc8 49. Ne3 0-1

[Event "Nordsjaellands Weekend EMT 2023"]
[Site "Allerod"]
[Date "2023.01.08"]
[Round "5"]
[White "Meskenas, Paulius"]
[Black "Hansen, Lars"]
[Result "1/2-1/2"]
[WhiteElo "2115"]
[BlackElo "2223"]
[PlyCount "110"]
[EventDate "2023.01.06"]
[EventType "swiss"]
[EventRounds "5"]
[EventCountry "DEN"]
[SourceTitle "Live"]

1. e4 e6 2. b3 c5 3. e5 d6 4. exd6 Bxd6 5. Bb2 Nf6 6. Nc3 Nc6 7. g3 O-O 8. Bg2
Nd4 9. Nge2 e5 10. O-O Bg4 11. h3 Bf3 12. Bxf3 Nxf3+ 13. Kg2 Ng5 14. d3 Qd7 15.
Ng1 Qc6+ 16. f3 Nh5 17. Ne4 Ne6 18. Nxd6 Qxd6 19. f4 Qd5+ 20. Qf3 Qxf3+ 21.
Rxf3 exf4 22. g4 Ng3 23. Re1 g5 24. Bf6 h6 25. h4 h5 26. Kh3 Nd4 27. Bxd4 f5
28. Rxg3 cxd4 29. Rg2 fxg4+ 30. Kh2 f3 31. Nxf3 Rxf3 32. Re5 Kh7 33. Rge2 Raf8
34. Kg2 Re3 35. R2xe3 dxe3 36. Rxg5 Kh6 37. Re5 Rf2+ 38. Kg3 Rxc2 39. Rxe3 Rxa2
40. Re6+ Kg7 41. Re7+ Kf6 42. Rxb7 Rd2 43. Rxa7 Rxd3+ 44. Kg2 Rd5 45. Rb7 Ke5
46. Rb4 Rd4 47. Rb8 Ke4 48. b4 Rd2+ 49. Kg3 Rd3+ 50. Kg2 g3 51. b5 Kf4 52. Kh3
Rb3 53. b6 Rb2 54. Rf8+ Ke5 55. Kxg3 Rxb6 1/2-1/2